000 00394nam a22001457a 4500
005 20170620154501.0
008 170620b xxu||||| |||| 00| 0 eng d
020 _a978-81-920437-1-7
041 _aeng
100 _aED. KHAREL SUNITA & WANGCHUK BHUTIA JIGME
_93868
245 _aGAZETTEER OF SIKKIM 2013
260 _aSIKKIM
_bHOME DEPARTMENT GOVERNMENT OF SIKKIM
300 _a656
942 _cBK
999 _c5477
_d5475